| 000 | 00528cam a22001337a 4500 | ||
|---|---|---|---|
| 020 | _a9715600751 | ||
| 040 | _cDLC | ||
| 082 | _a648 SEA 2002 A056 Or. | ||
| 245 | 0 | 0 |
_aEnvironmentally sustainable rural and agricultural development strategies in the Philippines : _blessons from six case studies / |
| 260 |
_aCollege, Los BaƱos, Laguna, Philippines : _bSEAMEO Regional Center for Graduate Study and Research in Agriculture, _cc2002. |
||
| 300 |
_avii, 165 p. : _bill., maps ; _c23 cm. |
||
| 700 | 1 | _aSajise, Percy E., | |
| 942 | _cEK | ||
| 999 |
_c15736 _d15736 |
||